| 000 | 00944nas a2200301 4500 | ||
|---|---|---|---|
| 001 | BR9900348 | ||
| 003 | BR-BrBNA | ||
| 005 | 20231205101205.0 | ||
| 007 | ta | ||
| 008 | 230509b bl.|||p| |||| 00| 00por d | ||
| 040 |
_aBR-BrBNA _bpor _cBiblioteca Nacional de Agricultura |
||
| 041 | _a(Pt) | ||
| 072 | _aL53 | ||
| 100 | 1 | _aLima, S.L. | |
| 100 | 1 | _aCosta, C.L.S. | |
| 100 | 1 | _aAgostinho, C.A. | |
| 100 | 1 | _aAndrade, D.R. | |
| 100 | 1 | _aPereira Filho, H.P. | |
| 245 | 1 | _aEstimativa do tamanho da primeira maturacao sexual da ra-touro, Rana catesbeiana, no sistema anfigranja de criacao intensiva | |
| 650 | _aRa Touro | ||
| 650 | _aReproducao Animal | ||
| 650 | _aMaturacao | ||
| 650 | _aConfinamento | ||
| 650 | _aAparelho Reprodutor | ||
| 773 | 0 |
_tRevista Brasileira de Zootecnia (Brazil) _xISSN 0100-4859 _g(May-Jun 1998), v. 27(3) p. 416-420 _wBR9900348 |
|
| 909 |
_a202311 _bLúcia _c55 _dLúcia Elande |
||
| 942 |
_2AGRIS _n0 _cANA |
||
| 999 |
_c160321 _d160321 |
||